|
|
|
|
| LEADER |
00000nam a2200000 a 4500 |
| 001 |
vtls010282287 |
| 003 |
SK-MaSNL |
| 005 |
20260301031813.0 |
| 007 |
co bg muuua |
| 008 |
180809s2011 xo l fsf 000 0 slo |
| 015 |
|
|
|a SNBS2013
|
| 020 |
|
|
|a 9788089297405
|q (online)
|q (elektronická kniha)
|
| 040 |
|
|
|a SNK
|b slo
|c SNK
|e AACR2
|
| 041 |
0 |
|
|a slo
|
| 044 |
|
|
|a xo
|c SK
|
| 072 |
|
7 |
|a 351
|x Úlohy verejnej správy, správne opatrenia. Legislatíva
|2 konspekt
|
| 080 |
|
|
|a 351.814
|2 2001
|
| 080 |
|
|
|a 656.7
|2 2001
|
| 080 |
|
|
|a (035)
|2 2001
|
| 080 |
|
|
|a (0.034.44)
|2 2001
|
| 080 |
|
|
|a (083.1)
|2 2001
|
| 110 |
2 |
|
|a Slovensko.
|b Ministerstvo dopravy, pôšt a telekomunikácií
|4 aut
|9 236279
|
| 245 |
1 |
0 |
|a L 15 Letecká informačná služba
|h elektronický zdroj
|c Ministerstvo dopravy, pôšt a telekomunikácií Slovenskej republiky
|
| 246 |
3 |
0 |
|a Letecká informačná služba
|
| 250 |
|
|
|a 3. vyd.
|
| 260 |
|
|
|a Bratislava
|b Letové prevádzkové služby SR
|c 2011
|
| 300 |
|
|
|a 1 elektronický optický disk (CD-ROM)
|b sch., tab.
|c 12 cm
|
| 500 |
|
|
|a Názov z titulnej obrazovky
|
| 500 |
|
|
|a Publikácia Leteckej informačnej služby Slovenskej republiky
|
| 516 |
|
|
|a Textový dokument (príručka), 1 súbor vo formáte htm a 1 súbor vo formáte pdf
|
| 538 |
|
|
|a Technické požiadavky: internetový prehliadač a Adobe Reader
|
| 650 |
0 |
7 |
|a letectvo
|2 SNKPH
|9 23632
|
| 650 |
0 |
7 |
|a letová prevádzka
|2 SNKPH
|9 68907
|
| 650 |
0 |
7 |
|a informačné služby
|2 SNKPH
|9 49796
|
| 650 |
0 |
7 |
|a Aviation
|2 SNKPHeng
|9 265900
|
| 650 |
0 |
7 |
|a Air traffic
|2 SNKPHeng
|9 313263
|
| 650 |
0 |
7 |
|a Information services
|2 SNKPHeng
|9 312481
|
| 655 |
|
7 |
|a elektronické zdroje
|2 SNKPH
|9 90954
|
| 655 |
|
7 |
|a CD-ROM
|2 SNKPH
|9 70236
|
| 655 |
|
7 |
|a predpisy
|2 SNKPH
|9 70649
|
| 655 |
|
7 |
|a príručky
|2 SNKPH
|9 74364
|
| 655 |
|
7 |
|a Electronic resources
|2 SNKPHeng
|9 175546
|
| 655 |
|
7 |
|a Directions, prescriptions, etc.
|2 SNKPHeng
|9 302805
|
| 655 |
|
7 |
|a Handbooks, manuals, etc.
|2 SNKPHeng
|9 90964
|
| 919 |
|
|
|a 978-80-89297-40-5
|
| 999 |
|
|
|c 577341
|d 579271
|
| 952 |
|
|
|a SNK
|b SNK
|y PREZ
|7 0
|p 17A0704477
|o snkSCDM 3869
|i snk2011/12593
|8 0
|0 0
|1 0
|4 0
|d 2011-05-31
|l 0
|r 2026-02-23 14:37:59
|w 2026-02-23
|